[Event "Tourn. n8999"]
[Site "www.chess-mail.com"]
[Date "2016.11.22"]
[Round "1"]
[White "Falcoale"]
[Black "Roohbakhsh"]
[WhiteElo "1640"]
[BlackElo "1899"]
[Result "0-1"]
[Round "1"]
1.e4 c5
2.Ng1f3 d6
3.d4 cxd4
4.Nf3xd4 Ng8f6
5.Nb1c3 g6
6.Bf1d3 Bf8g7
7.O-O O-O
8.f4 Nb8c6
9.Bc1e3 a6
10.Nd4xc6 bxc6
11.Bd3c4 Bc8e6
12.Bc4d3 Qd8c7
13.f5 Be6d7
14.Nc3a4 c5
15.Na4c3 Rf8b8
16.b3 Bd7b5
17.Ra1b1 Nf6d7
18.Nc3d5 Qc7d8
19.c4 Bb5c6
20.Be3g5 Bg7d4
21.Kh1 f6
22.Bg5f4 Bc6xd5
23.exd5 Nd7e5
24.Bf4xe5 Bd4xe5
25.fxg6 hxg6
26.Bd3xg6 Kg7
27.Qd1g4 Qd8g8
28.Bg6f5 Kf8
29.Qg4xg8 Kxg8
30.Rf1f3 Kg7
31.Rf3h3 Rb8h8
32.Rb1f1 Rh8xh3
33.Bf5xh3 a5
34.Bh3f5 a4
35.Rf1b1 axb3
36.axb3 Ra8h8
37.h3 Rh8h4
38.Bf5g4 Kg6
39.Bg4e6 Rh4d4
40.Be6g4 f5
41.Bg4f3 Kg5
42.Bf3d1 Rd4e4
43.Bd1f3 Re4e3
44.Kg1 Be5d4
45.Kh1 Kf4
46.h4 Bd4f6
47.h5 Bf6g5
48.Kh2 Ke5
49.b4 cxb4
50.Rb1xb4 Re3c3
51.Rb4b7 Rc3xc4
52.Rb7xe7 Bg5xe7
53.Kg3 Rc4c3
54.h6 Rc3c8
55.Bf3h5 Rc8h8
56.Bh5f7 Rh8xh6
57.Kf3 Rh6h4
58.g3 Rh4d4
{ resign }
0-1

[Event "Tourn. n8932"]
[Site "www.chess-mail.com"]
[Date "2016.11.22"]
[Round "1"]
[White "Bjonil60"]
[Black "Osmundw"]
[WhiteElo "1440"]
[BlackElo "1430"]
[Result "0-1"]
[Round "1"]
1.Ng1f3 d5
2.d3 Bc8f5
3.h3 e6
4.e3 Bf8d6
5.Qd1e2 Nb8c6
6.a3 Ng8f6
7.Nb1d2 Qd8d7
8.g4 Bf5xg4
9.hxg4 Nf6xg4
10.Bf1h3 Ng4h2
11.Nf3xh2 Bd6xh2
12.Rh1xh2 Qd7d6
13.c3 Qd6xh2
14.Bh3f1 a5
15.b3 g5
16.Nd2f3 Qh2h1
17.Bc1b2 g4
18.Nf3h2 Qh1xh2
19.e4 Ra8d8
20.exd5 Rd8xd5
21.c4 Rd5e5
22.Qe2xe5 Nc6xe5
23.d4 Ne5f3
24.Ke2 Qh2h1
25.Ra1d1 Nf3g1
26.Ke1 Qh1e4
27.Bf1e2 Ng1xe2
28.Kf1 Qe4c2
29.Ke1 Qc2xb2
30.Rd1d2 Qb2b1
31.Rd2d1 Qb1xb3
32.Kxe2 Qb3xa3
33.Rd1d3 Qa3b4
34.c5 e5
35.dxe5 Qb4b2
36.Ke3 Qb2c1
37.Ke4 Qc1xc5
38.Rd3e3 Qc5c2
39.Kf4 Qc2xf2
40.Ke4 g3
41.Re3f3 Qf2e1
42.Kf4 g2
43.Rf3e3 Qe1h4
44.Kf5 g1Q
45.Re3f3 Qg1g4

0-1

[Event "Tourn. n8990"]
[Site "www.chess-mail.com"]
[Date "2016.11.22"]
[Round "1"]
[White "Cal"]
[Black "Albertf"]
[WhiteElo "1670"]
[BlackElo "1700"]
[Result "0-1"]
[Round "1"]
1.c4 Ng8f6
2.Nb1c3 g6
3.e4 Bf8g7
4.d4 O-O
5.Ng1f3 d6
6.Bf1d3 c6
7.Bc1g5 Nb8d7
8.h3 b6
9.a3 Nf6e8
10.b4 f6
11.Bg5f4 Ne8c7
12.O-O Bc8b7
13.a4 a6
14.Nc3e2 Nd7b8
15.Bf4g3 e6
16.Ra1c1 a5
17.b5 c5
18.dxc5 dxc5
19.Bg3h2 Qd8d7
20.Ne2g3 Rf8d8
21.Rc1c3 f5
22.e5 Bb7xf3
23.Qd1xf3 Ra8a7
24.Ng3e2 Nc7e8
25.Ne2f4 Bg7xe5
26.Rf1d1 Be5xc3
27.Bd3e2 Qd7e7
28.Be2d3 Ra7d7
29.Qf3e3 Ne8g7
30.Bh2g3 Bc3d4
31.Qe3f3 Bd4e5
32.Nf4e2 Be5xg3
33.Ne2xg3 e5
34.Bd3e2 e4
35.Rd1xd7 Qe7xd7
36.Qf3f4 Ng7e6
37.Qf4e5 Ne6d4
38.Be2f1 Qd7e6
39.Qe5c7 Qe6d6
40.Qc7xd6 Rd8xd6
41.f4 Nd4e6
42.Bf1e2 Ne6xf4
43.Be2f1 Nf4d3
44.Bf1xd3 Rd6xd3
45.Ng3h1 Rd3c3
46.Nh1f2 Rc3xc4
47.g4 fxg4
48.Nf2xg4 Rc4xa4
49.Ng4f6 Kg7
50.Nf6e8 Kf7
51.Ne8c7 Nb8d7
52.Nc7d5 Nd7f6
53.Nd5xb6 Ra4b4
54.Nb6c8 Rb4xb5
55.Nc8d6 Ke6
56.Nd6xb5 Kd5
57.Kf2 c4
58.Ke3 a4
59.Nb5c3 Ke5
60.Nc3xa4 Nf6d5
61.Kd2 Kd4
62.Na4b2 c3
{ resign }
0-1

[Event "Tourn. n9050"]
[Site "www.chess-mail.com"]
[Date "2016.11.22"]
[Round "1"]
[White "Falcoale"]
[Black "Redabond"]
[WhiteElo "1860"]
[BlackElo "1740"]
[Result "1-0"]
[Round "1"]
1.c4 d5
2.cxd5 Qd8xd5
3.Nb1c3 Qd5d8
4.e4 Ng8f6
5.d4 e6
6.e5 Nf6d7
7.Ng1f3 Bf8b4
8.a3 Bb4xc3
9.bxc3 O-O
10.Bf1d3 Nb8c6
11.O-O f6
12.Qd1c2 fxe5
13.Bc1b2 exd4
14.Bd3xh7 Kh8
15.Ra1d1 Nd7f6
16.Nf3xd4 Nc6xd4
17.Rd1xd4 Qd8e7
18.Bh7d3 Nf6d5
19.c4 Nd5b6
20.f4 c5
21.Rd4e4 Qe7c7
22.Qc2e2 Rf8e8
23.Qe2h5 Kg8
24.Qh5xe8 Kh7
25.Re4e3 { resign }
1-0

[Event "Tourn. n9026"]
[Site "www.chess-mail.com"]
[Date "2016.11.22"]
[Round "1"]
[White "Falcoale"]
[Black "Mao"]
[WhiteElo "1730"]
[BlackElo "1810"]
[Result "0-1"]
[Round "1"]
1.e4 c5
2.Ng1f3 d6
3.Bf1c4 Nb8c6
4.h3 Ng8f6
5.d3 e6
6.O-O Bf8e7
7.Nb1c3 O-O
8.a3 Qd8c7
9.Bc1f4 e5
10.Bf4h2 Bc8e6
11.Bc4a2 a6
12.Nf3g5 Be6xa2
13.Ra1xa2 Nc6d4
14.Nc3b1 h6
15.c3 Nd4c6
16.Nb1d2 hxg5
17.Nd2f3 g4
18.hxg4 Nf6xg4
19.Bh2g3 Ng4f6
20.Nf3h4 Rf8e8
21.Nh4f5 b5
22.Nf5xe7 Qc7xe7
23.f4 exf4
24.Bg3xf4 Nc6e5
25.Bf4g5 Qe7e6
26.Ra2a1 Qe6g4
27.Bg5xf6 Qg4xd1
28.Ra1xd1 gxf6
29.Rf1xf6 Re8e6
30.Rf6xe6 fxe6
31.d4 cxd4
32.cxd4 Ne5c4
33.Rd1b1 Ra8f8
34.d5 exd5
35.exd5 Rf8f5
36.Rb1f1 Rf5xf1
37.Kxf1 Nc4xb2
38.Ke2 Nb2c4
{ resign }
0-1

[Event "Match"]
[Site "www.echecsemail.com"]
[Date "2016.11.22"]
[Round "1"]
[White "Oseanvega"]
[Black "Luban"]
[WhiteElo "1749"]
[BlackElo "1980"]
[Result "0-1"]
[Round "1"]
1.d4 d5
2.c4 e6
3.Nb1c3 Ng8f6
4.Bc1g5 Bf8e7
5.e3 h6
6.Bg5h4 a6
7.c5 b5
8.b4 Bc8b7
9.Ng1f3 Nb8d7
 { time }
0-1

[Event "Match"]
[Site "www.echecsemail.com"]
[Date "2016.11.22"]
[Round "1"]
[White "Raulazo"]
[Black "Caspito"]
[WhiteElo "1940"]
[BlackElo "1770"]
[Result "0-1"]
[Round "1"]
1.Ng1f3 Nb8c6
2.e4 e5
3.Bf1c4 Bf8c5
4.O-O Ng8h6
5.d3 Qd8f6
6.Bc1g5 Qf6g6
7.Nb1c3 d6
8.Nc3d5 Bc5b6
9.Bc4b5 Bc8d7
10.Bb5xc6 bxc6
11.Nd5e7 Qg6h5
12.Bg5h4 f6
13.Ne7f5 Nh6xf5
14.exf5 Bd7xf5
15.Rf1e1 Bf5g4
16.Bh4g3 O-O-O
17.h3 Bg4xf3
18.Qd1xf3 Qh5xf3
19.gxf3 f5
20.Bg3h4 Rd8d7
21.a4 a5
22.Ra1a3 f4
23.Ra3c3 Kb7
24.Rc3b3 h6
25.Bh4g3 fxg3
26.Kg2 gxf2
27.Re1f1 g5
28.Rf1xf2 Kc8
29.Rf2e2 Rh8f8
30.Rb3c3 c5
31.Kg3 h5
32.Re2e4 c6
33.Rc3b3 Kc7
34.c4 d5
35.Re4xe5 Rd7f7
36.Re5xg5 Rf7xf3
37.Kh4 Rf3f4
38.Kxh5 Rf8h8
39.Kg6 Rh8xh3
40.cxd5 cxd5
41.Rg5xd5 Rf4b4
42.Rb3xb4 cxb4
43.b3 Rh3f3
44.Kg5 Kc6
45.Rd5e5 Rf3xd3
46.Re5e6 Kb7
47.Kf5 Rd3xb3
48.Re6e7 Bb6c7
49.Ke4 Rb3a3
50.Kd4 Kc6
51.Kc4 Ra3c3
52.Kd4 Bc7b6
53.Ke5 Rc3e3
54.Kf6 Re3xe7
55.Kxe7 b3
{ resign }
0-1

[Event "Match"]
[Site "www.echecsemail.com"]
[Date "2016.11.22"]
[Round "1"]
[White "Oseanvega"]
[Black "Billyg"]
[WhiteElo "1749"]
[BlackElo "1750"]
[Result "0-1"]
[Round "1"]
1.d4 d6
2.Ng1f3 Nb8c6
3.e4 e5
4.dxe5 dxe5
5.Qd1xd8 Nc6xd8
6.Nf3xe5 f6
7.Ne5f3 a6
8.Bf1c4 Ng8e7
9.O-O Bc8d7
 { time }
0-1

[Event "Match"]
[Site "www.echecsemail.com"]
[Date "2016.11.22"]
[Round "1"]
[White "Ledzepp"]
[Black "Oseanvega"]
[WhiteElo "1460"]
[BlackElo "1749"]
[Result "1-0"]
[Round "1"]
1.e4 e6
2.e5 d5
3.d4 c5
4.Bf1b5 Bc8d7
5.Nb1c3 Bd7xb5
6.Nc3xb5 Qd8a5
7.Nb5c3 cxd4
8.Qd1xd4 Nb8c6
9.Qd4f4 d4
10.Bc1d2 dxc3
11.Bd2xc3  { time }
1-0

[Event "Match"]
[Site "www.echecsemail.com"]
[Date "2016.11.22"]
[Round "1"]
[White "Gimmyg"]
[Black "Oseanvega"]
[WhiteElo "2490"]
[BlackElo "1749"]
[Result "1-0"]
[Round "1"]
1.Ng1f3 Ng8f6
2.b3 g6
3.Bc1b2 Bf8g7
4.c4 O-O
5.e3 c5
6.Nb1c3 Nb8c6
7.Bf1e2 d5
8.cxd5 Nf6xd5
9.a3 b6
10.O-O  { time }
1-0

[Event "Match"]
[Site "www.echecsemail.com"]
[Date "2016.11.22"]
[Round "1"]
[White "Pellix84"]
[Black "Romaster"]
[WhiteElo "1960"]
[BlackElo "1809"]
[Result "1-0"]
[Round "1"]
1.d4 Ng8f6
2.c4 g6
3.Nb1c3 d5
4.cxd5 Nf6xd5
5.e4 Nd5xc3
6.bxc3 Bf8g7
7.Bf1d3 O-O
8.Ng1e2  { time }
1-0

[Event "Eq:La Taverne-Nightwish : "]
[Site "www.chess-mail.com"]
[Date "2016.11.22"]
[Round "1"]
[White "Coraza8091"]
[Black "Terrysweden"]
[WhiteElo "1510"]
[BlackElo "1529"]
[Result "0-1"]
[Round "1"]
1.e4 e6
2.Ng1f3 d5
3.Bf1b5 c6
4.Bb5e2 dxe4
5.Nf3e5 Ng8f6
6.Nb1c3 Qd8d4
7.Ne5g4 Nf6xg4
8.Be2xg4 { time. }
0-1

[Event "Eq:La Taverne-Nightwish : "]
[Site "www.chess-mail.com"]
[Date "2016.11.22"]
[Round "1"]
[White "Terrysweden"]
[Black "Coraza8091"]
[WhiteElo "1529"]
[BlackElo "1510"]
[Result "1-0"]
[Round "1"]
1.c4 e5
2.Nb1c3 Bf8c5
3.Ng1f3 Nb8c6
4.e3 Ng8f6
5.d4 Bc5b4
6.Nf3xe5 Nf6e4
7.Qd1c2 Bb4xc3
8.bxc3 Ne4f6
{ time. }
1-0

[Event "Fast Game"]
[Site "www.echecsemail.com"]
[Date "2016.11.22"]
[Round "1"]
[White "Cal"]
[Black "Hennie4820"]
[WhiteElo "1640"]
[BlackElo "1720"]
[Result "1-0"]
[Round "1"]
1.c4 Ng8f6
2.Nb1c3 g6
3.e4 d6
4.d3 Bf8g7
5.h3 O-O
6.Ng1f3 Nb8d7
7.a3 e5
8.Bc1g5 c6
9.Bg5xf6 Nd7xf6
10.b4 Bc8e6
11.Bf1e2 Nf6d7
12.O-O f5
13.h4 f4
14.Nf3g5 Qd8e7
15.a4 h6
16.Ng5f3 Be6g4
17.g3 g5
18.h5 Rf8f7
19.b5 Ra8f8
20.Nf3h2 f3
21.Nh2xg4 fxe2
22.Qd1xe2 Qe7e6
23.bxc6 bxc6
24.Ra1b1 Rf7f3
25.Ng4h2 Rf3f7
26.g4 Rf7f4
27.f3 Nd7c5
28.a5 Nc5a6
29.Rb1b7 Rf4f7
30.Rb7xf7 Rf8xf7
31.Qe2e3 Na6c5
32.Rf1b1 Rf7b7
{ time. }
1-0

[Event "Fast Game"]
[Site "www.echecsemail.com"]
[Date "2016.11.22"]
[Round "1"]
[White "Hennie4820"]
[Black "Fabos12"]
[WhiteElo "1730"]
[BlackElo "1579"]
[Result "0-1"]
[Round "1"]
1.e4 e5
2.Ng1f3 Nb8c6
3.Bf1c4 h6
4.d4 d6
5.dxe5 Nc6xe5
6.Nf3xe5 dxe5
7.Bc4xf7 Ke7
8.Qd1xd8 Kxd8
9.Bc1e3 Ng8f6
10.Nb1d2 Bf8b4
11.c3 Bb4a5
12.f3 Rh8f8
13.Bf7g6 { time. }
0-1

[Event "Tourn. n9003"]
[Site "www.chess-mail.com"]
[Date "2016.11.23"]
[Round "1"]
[White "Osopanda"]
[Black "Guidom"]
[WhiteElo "2030"]
[BlackElo "2140"]
[Result "0-1"]
[Round "1"]
1.d4 d5
2.Ng1f3 c6
3.c4 e6
4.cxd5 exd5
5.Nb1c3 Bc8f5
6.Qd1b3 Qd8b6
7.Bc1f4 Nb8d7
8.e3 Ng8f6
9.Bf1e2 Bf8b4
10.O-O Bb4xc3
11.bxc3 O-O
12.Rf1c1 Ra8c8
13.c4 Qb6xb3
14.axb3 a6
15.h3 Nf6e4
16.Nf3e5 Nd7xe5
17.dxe5 h6
18.g4 Bf5g6
19.f3 Ne4g5
20.Kg2 Ng5e6
21.cxd5 cxd5
22.Bf4g3 f5
23.gxf5 Bg6xf5
24.f4 Rc8c2
25.Rc1xc2 Bf5xc2
26.b4 Bc2e4
27.Be2f3 Be4xf3
28.Kxf3 Rf8c8
29.Ra1d1 Rc8d8
30.Bg3h4 Rd8d7
31.Bh4f2 Kf7
32.h4 g6
33.Rd1c1 h5
34.Rc1c8 Rd7c7
35.Rc8xc7 Ne6xc7
36.e4 Ke6
37.Bf2d4 Nc7b5
38.exd5 Kxd5
39.Bd4c5 Nb5c7
40.Ke3 Nc7e6
41.Bc5e7 b6
42.Be7d6 a5
43.bxa5 bxa5
44.Bd6a3 a4
45.Ba3d6 Ne6g7
46.Kf3 Ng7f5
47.Bd6a3 Nf5xh4
48.Kg3 Nh4f5
49.Kf3 Nf5d4
50.Kg3 Nd4c2
51.Ba3e7 a3
52.Be7xa3 Nc2xa3
53.Kh4 Ke6
54.Kg5 Kf7
55.e6 Kxe6
{ resign }
0-1

[Event "Tourn. n9080"]
[Site "www.chess-mail.com"]
[Date "2016.11.23"]
[Round "1"]
[White "Norlavuaram"]
[Black "Bojan"]
[WhiteElo "2270"]
[BlackElo "2000"]
[Result "1-0"]
[Round "1"]
1.e4 Nb8c6
2.Ng1f3 e5
3.Bf1b5 Bf8d6
4.O-O Qd8f6
5.Nb1c3 Nc6d4
6.Bb5e2 Bd6c5
7.Nc3d5 Qf6d6
8.c3 Nd4xe2
9.Qd1xe2 h6
10.d4 exd4
11.cxd4 Bc5b6
12.Bc1f4 Qd6c6
13.Ra1c1 Qc6g6
14.Bf4xc7 Ng8e7
15.Nf3e5 Qg6g5
16.Bc7xb6 Ne7xd5
17.exd5 axb6
18.Ne5g6 Kd8
19.Ng6xh8 Qg5xd5
20.Rf1e1 { resign }
1-0

[Event "Tourn. n8867"]
[Site "www.chess-mail.com"]
[Date "2016.11.23"]
[Round "1"]
[White "Ejner"]
[Black "Conde7"]
[WhiteElo "2470"]
[BlackElo "2830"]
[Result "0-1"]
[Round "1"]
1.Ng1f3 Ng8f6
2.c4 e6
3.g3 d5
4.Bf1g2 dxc4
5.Qd1a4 c6
6.Qa4xc4 b5
7.Qc4c2 Bc8b7
8.O-O Nb8d7
9.Nb1c3 Ra8c8
10.d3 a6
11.a4 Bf8e7
12.e4 O-O
13.h3 h6
14.Bc1e3 Qd8c7
15.Rf1c1 Rf8d8
16.Qc2b1 Nd7c5
17.Be3xc5 Be7xc5
18.e5 Nf6d5
19.Nc3e4 Bc5e7
20.d4 Nd5b4
21.Rc1c3 c5
22.Ne4xc5 Be7xc5
23.Rc3xc5 Qc7d7
24.axb5 Rc8xc5
25.dxc5 Qd7xb5
26.Qb1f1 Qb5xc5
27.Qf1e2 Bb7c6
28.Ra1d1 Rd8xd1
29.Qe2xd1 Bc6d5
30.Qd1d2 Nb4c6
31.Qd2e2 a5
32.h4 Qc5c1
33.Kh2 g6
34.Nf3g1 Nc6d4
35.Qe2a6 Qc1xb2
36.Bg2xd5 exd5
37.Kg2 Qb2b4
38.h5 gxh5
39.Qa6xh6 Nd4e6
40.Qh6xh5 a4
41.Qh5f3 a3
42.Qf3xd5 Qb4b2
43.Ng1f3 a2
44.Nf3g5 Ne6xg5
45.Qd5d8 Kh7
46.Qd8xg5 Qb2b7
47.f3 Qb7b2
48.Kh3 Qb2b6
{ resign }
0-1

[Event "Tourn. n9050"]
[Site "www.chess-mail.com"]
[Date "2016.11.23"]
[Round "1"]
[White "Cal"]
[Black "Redabond"]
[WhiteElo "1700"]
[BlackElo "1750"]
[Result "0-1"]
[Round "1"]
1.d4 d5
2.e3 Bc8f5
3.a3 e6
4.Nb1c3 Nb8c6
5.Ng1f3 Bf8d6
6.Bf1b5 Qd8d7
7.h3 a6
8.Bb5a4 b5
9.Ba4b3 b4
10.Nc3a4 bxa3
11.bxa3 Ng8f6
12.c4 dxc4
13.Bb3xc4 O-O
14.O-O a5
15.Bc1b2 Ra8b8
16.Nf3h4 Nc6xd4
17.Bb2xd4 Nf6e4
18.Qd1h5 Ne4d2
19.Rf1c1 Qd7xa4
20.Ra1a2 Nd2xc4
21.Nh4xf5 exf5
22.Qh5xf5 Rb8b5
23.Qf5d7 Nc4b6
24.Qd7g4 f6
25.Qg4e6 Kh8
26.Bd4xb6 Rb5xb6
27.f4 Rf8e8
28.Qe6f7 Re8f8
29.Qf7e6 Bd6xf4
30.exf4 Qa4xf4
31.Rc1f1 Qf4d4
32.Kh1 Rb6xe6
33.Ra2c2 Qd4d3
34.Rf1c1 Rf8c8
35.Rc2c3 Qd3g6
36.g4 Qg6e4
37.Kh2 Qe4e2
38.Kg3 Re6e3
39.Rc3xe3 Qe2xe3
{ resign }
0-1

[Event "Tourn. n9008"]
[Site "www.chess-mail.com"]
[Date "2016.11.23"]
[Round "1"]
[White "Jackbauer"]
[Black "Luban"]
[WhiteElo "1940"]
[BlackElo "1990"]
[Result "0-1"]
[Round "1"]
1.e4 c5
2.f4 d5
3.e5 e6
4.Ng1f3 a6
5.c4 d4
6.d3 Nb8c6
7.Nb1d2 Ng8e7
8.Nd2b3 Ne7g6
9.g3 b5
10.Bf1g2 Bc8b7
11.O-O Nc6a5
12.Nb3d2 Bf8e7
13.b3 O-O
14.Bg2h3 h6
15.Bh3g4 Rf8e8
16.Rf1e1 Na5c6
17.Bg4h5 b4
18.Nd2e4 a5
19.a3 Qd8c7
20.Bh5xg6 fxg6
21.h4 bxa3
22.Bc1xa3 Nc6b4
23.Kh2 Bb7xe4
24.Re1xe4 Qc7d7
25.g4 Ra8a7
26.h5 Kh7
27.Qd1e2 Qd7b7
28.hxg6 Kxg6
29.Ra1g1 a4
30.f5 Kh7
31.g5 exf5
32.Re4h4 Nb4c2
33.Qe2xc2 Qb7xf3
34.Ba3c1 a3
35.g6 Kh8
36.Rh4h3 Qf3a8
37.Bc1xh6 gxh6
38.Rh3xh6 Kg7
39.Rh6h7 Kg8
40.Qc2a2 Qa8f3
41.Rg1g3 Qf3f1
42.b4 Be7d6
43.Rh7xa7 Bd6xe5
44.Ra7xa3 Be5xg3
45.Kxg3 Re8e3
46.Kh4 Qf1f4
{ resign }
0-1

[Event "Tourn. n8928"]
[Site "www.chess-mail.com"]
[Date "2016.11.23"]
[Round "1"]
[White "Nulladies"]
[Black "Neo"]
[WhiteElo "1780"]
[BlackElo "1670"]
[Result "1-0"]
[Round "1"]
1.d4 e6
2.Bc1f4 d5
3.Ng1f3 c6
4.e3 g6
5.Bf1e2 Bf8g7
6.Nb1d2 Ng8e7
7.c4 O-O
8.Ra1c1 Nb8d7
9.O-O Nd7b6
10.c5 Nb6c4
11.Nd2xc4 b5
12.Nc4d6 a5
13.Rc1a1 a4
14.a3 Bc8d7
15.h4 h5
16.Nf3e5 Ne7f5
17.Ne5xd7 Qd8xd7
18.b3 Nf5xh4
19.g3 Nh4f5
20.Nd6xf5 exf5
21.Bf4d6 Rf8e8
22.Be2d3 Bg7f8
23.Bd6e5 axb3
24.Qd1xb3 Ra8a4
25.Bd3c2 Ra4c4
26.Ra1a2 Re8a8
27.Bc2d3 Rc4a4
28.Bd3c2 Qd7e7
29.Qb3c3 Qe7g5
30.Bc2xa4 bxa4
31.Be5f4 Qg5d8
32.Ra2b2 Bf8e7
33.Rb2b7 Be7f6
34.Rf1b1 Kg7
35.Rb7c7 Qd8e8
36.Rc7xc6 Bf6d8
37.Rc6d6 Bd8a5
38.Qc3a1 Qe8e4
39.Bf4e5 Kg8
40.Rb1c1 Ba5c7
41.Qa1b1 Qe4f3
42.Rd6d7 Bc7xe5
43.dxe5 h4
44.gxh4 Qf3g4
45.Kf1 Qg4xh4
46.Rd7xd5 Qh4h1
47.Ke2  { time }
1-0

[Event "Tourn. n9016"]
[Site "www.chess-mail.com"]
[Date "2016.11.23"]
[Round "1"]
[White "Zeksky"]
[Black "Picifarkinca"]
[WhiteElo "2009"]
[BlackElo "1950"]
[Result "1-0"]
[Round "1"]
1.e4 c6
2.Ng1f3 d5
3.e5 Bc8f5
4.d4 e6
5.Bf1d3 Bf5xd3
6.Qd1xd3 Nb8d7
7.O-O Qd8b6
8.c3 c5
9.b3 Ng8e7
10.Bc1e3 Ne7c6
11.Nb1d2 Ra8c8
12.c4 Nc6xd4
13.Nf3xd4 Nd7xe5
14.Qd3c3 Ne5g4
15.Nd4c2 d4
16.Nc2xd4 Ng4xe3
17.fxe3 cxd4
18.exd4 Bf8b4
19.Qc3d3 O-O
20.c5 Qb6d8
21.Nd2f3 Rc8xc5
22.a3 { resign }
1-0

[Event "Tourn. n8915"]
[Site "www.chess-mail.com"]
[Date "2016.11.23"]
[Round "1"]
[White "Jjmcbride"]
[Black "Redabond"]
[WhiteElo "1340"]
[BlackElo "1680"]
[Result "0-1"]
[Round "1"]
1.e4 e5
2.d4 Qd8f6
3.d5 Bf8c5
4.Ng1h3 d6
5.Bc1g5 Qf6g6
6.Bf1b5 Bc8d7
7.Qd1d3 c6
8.dxc6 Bd7xc6
9.Nb1c3 f6
10.Bb5xc6 Nb8xc6
11.Nc3d5 Qg6f7
12.Bg5e3 Bc5xe3
13.Nd5xe3 O-O-O
14.c3 Ng8e7
15.f4 exf4
16.Nh3xf4 g5
17.Nf4e2 Nc6e5
18.Qd3b5 a6
19.Qb5b3 Qf7xb3
20.axb3 Ne5d3
21.Kd2 Nd3f2
22.Rh1c1 Nf2xe4
23.Kc2 Rd8d7
24.b4 Rd7c7
25.Kd3 Ne4f2
26.Kc2 f5
27.b5 f4
28.Ne3d1 Nf2g4
29.h3 Ng4e5
30.b3 Kb8
31.bxa6 bxa6
32.Ra1xa6 Rh8d8
33.Rc1a1 Ne7c6
34.Ra1a4 Kb7
35.Nd1b2 Ne5d7
36.Nb2d3 Nd7e5
37.Ra4a1 Rd8e8
38.Ra6a4 f3
39.Ne2d4 Ne5xd3
40.Kxd3 Nc6xd4
41.Kxd4 fxg2
42.Ra4a7 Kc6
43.Ra7a6 Kd7
44.c4 Re8f8
45.Ra1g1 Rf8f3
46.Rg1xg2 Rf3xh3
47.Rg2xg5 Rh3xb3
48.Rg5g7 Kc8
49.Rg7g8 Kb7
50.Ra6a8 Kc6
51.Ra8a5 Rb3h3
52.Rg8f8 Rh3h4
53.Kc3 Kb6
54.Ra5b5 Ka7
55.Rb5b4 d5
56.Rb4a4 Kb7
 { time }
0-1

[Event "Match"]
[Site "www.echecsemail.com"]
[Date "2016.11.23"]
[Round "1"]
[White "Arbiflex"]
[Black "Llord"]
[WhiteElo "1809"]
[BlackElo "1870"]
[Result "1-0"]
[Round "1"]
1.h3 e5
2.a3 d5
3.c4 d4
4.d3 Ng8f6
5.Ng1f3 Bf8d6
6.e3 dxe3
7.Bc1xe3 O-O
8.Nb1c3 Bc8e6
9.Bf1e2 Nb8c6
10.O-O a6
11.b4 Nc6a7
12.Be3g5 Bd6e7
13.d4 exd4
14.Nf3xd4 c6
15.Nd4xe6 fxe6
16.Qd1c2 Ra8c8
17.Ra1d1 Qd8c7
18.Rf1e1 Qc7e5
19.Bg5xf6 Rf8xf6
20.Be2g4 Qe5g5
21.Re1xe6 h5
22.Nc3e4 Qg5f4
23.Ne4xf6 Be7xf6
24.Re6e4 Qf4g5
25.Bg4xc8 { resign }
1-0

[Event "Match"]
[Site "www.echecsemail.com"]
[Date "2016.11.23"]
[Round "1"]
[White "Sonny1000"]
[Black "Olddog55"]
[WhiteElo "1350"]
[BlackElo "1780"]
[Result "0-1"]
[Round "1"]
1.e4 e5
2.Ng1f3 d6
3.c4 Qd8d7
4.a4 Ng8f6
5.d3 Bf8e7
6.h3 O-O
7.h4 c6
8.Nf3g5 d5
9.h5 Be7c5
10.a5 Nf6g4
11.Qd1e2 Bc5xf2
12.Kd2 dxc4
13.Qe2d1 Qd7d4
14.Kc2 Bf2e3
15.Bc1xe3 Ng4xe3
16.Kd2 Ne3xd1
17.Kxd1 Qd4xb2
18.dxc4 Qb2xa1
19.Kc1 Qa1d4
20.Kc2 Rf8d8
21.h6 g6
22.Bf1d3 Qd4xd3
23.Kb2 Qd3xc4
24.Rh1c1 Qc4b4
25.Kc2 Qb4xa5
26.Rc1d1 Qa5c5
27.Nb1c3 Rd8d4
28.Rd1xd4 Qc5xd4
{ resign }
0-1

[Event "Match"]
[Site "www.echecsemail.com"]
[Date "2016.11.23"]
[Round "1"]
[White "Osvalazo"]
[Black "Pellix84"]
[WhiteElo "1840"]
[BlackElo "1990"]
[Result "0-1"]
[Round "1"]
1.c4 e5
2.e4 Ng8f6
3.Nb1c3 Nb8c6
4.Ng1f3 Bf8c5
5.h3 a6
6.Nc3a4 Bc5a7
7.d3 h6
8.c5 d6
9.Bc1e3 Bc8e6
10.d4 exd4
11.Be3xd4 Nc6xd4
12.Nf3xd4 Nf6xe4
13.Bf1d3 Ne4xc5
14.O-O O-O
15.Na4c3 b5
16.Bd3b1 Be6d7
17.Qd1c2 f5
18.Nc3e2 Nc5e4
19.a4 c5
20.Bb1a2 Kh8
21.Nd4f3 c4
22.g3 Qd8c7
23.Nf3h4 Rf8f6
24.b4 d5
25.a5 Ne4xg3
26.Ne2xg3 Qc7xg3
27.Nh4g2 f4
28.Ba2b1 Bd7f5
29.Qc2c1 f3
30.Ra1a3 Qg3xg2
{ resign }
0-1

[Event "Match"]
[Site "www.echecsemail.com"]
[Date "2016.11.23"]
[Round "1"]
[White "Coraza8091"]
[Black "Libiesse"]
[WhiteElo "1490"]
[BlackElo "1960"]
[Result "0-1"]
[Round "1"]
1.e4 c5
2.Bf1c4 e6
3.d4 cxd4
4.Qd1xd4 Nb8c6
5.Qd4d1 Ng8f6
6.Bc1g5 Bf8e7
7.Bg5xf6 Be7xf6
8.c3 O-O
9.Ng1f3 Qd8c7
10.Bc4d3 a6
11.Nb1d2 Rf8d8
12.Qd1c2 h6
13.e5 Nc6xe5
14.O-O-O Ne5xd3
15.Qc2xd3 d5
16.h4 b5
17.g3 Bc8b7
18.g4 d4
19.g5 dxc3
20.Qd3e3 cxd2
21.Kb1 Bb7xf3
22.Qe3xf3 hxg5
23.hxg5 Bf6xg5
24.Qf3h3 Bg5h6
25.f4 Rd8d5
26.Rh1h2 Qc7xf4
27.Rh2g2 Ra8d8
28.Rg2g4 Qf4f5
29.Ka1 Rd8c8
30.Qh3h1 Qf5xg4
{ resign }
0-1

[Event "Fast Game"]
[Site "www.echecsemail.com"]
[Date "2016.11.23"]
[Round "1"]
[White "Sandokam"]
[Black "Fvdp"]
[WhiteElo "1999"]
[BlackElo "2090"]
[Result "1/2-1/2"]
[Round "1"]
1.e4 c5
2.Ng1f3 d6
3.c3 Ng8f6
4.Bf1d3 Nb8c6
5.Bd3c2 Bc8g4
6.d3 e6
7.Nb1d2 d5
8.Qd1e2 Qd8c7
9.h3 Bg4h5
10.O-O O-O-O
11.Rf1e1 Bf8e7
12.Bc2a4 h6
13.Ba4xc6 bxc6
14.b3 Kb7
15.b4 dxe4
16.dxe4 Ka8
17.Ra1b1 g5
18.Qe2a6 Rd8b8
19.Bc1a3 Nf6d7
20.bxc5 Be7xc5
21.Ba3xc5 Nd7xc5
22.Qa6c4 Qc7d6
23.Nf3d4 Rb8xb1
24.Re1xb1 Bh5g6
25.Qc4b4 Rh8b8
26.Qb4xb8 Qd6xb8
27.Rb1xb8 Kxb8
28.Nd4xc6 Kc7
29.Nc6e5 Nc5a4
30.Ne5xg6 fxg6
31.Nd2b1 Na4c5
32.f3 Nc5d3
33.Kf1 Nd3c1
34.Ke1 Nc1d3
35.Ke2 Nd3f4
36.Kf2 Kb6
37.Nb1a3 Kc5
38.Na3c2 Kc4
{ draw }
1/2-1/2

[Event "Tourn. n9040"]
[Site "www.chess-mail.com"]
[Date "2016.11.24"]
[Round "1"]
[White "Azulmarino"]
[Black "Hansen"]
[WhiteElo "1610"]
[BlackElo "1630"]
[Result "0-1"]
[Round "1"]
1.e4 d5
2.d4 dxe4
3.Bc1e3 c6
4.Nb1c3 Ng8f6
5.Bf1c4 b5
6.Bc4b3 b4
7.Nc3a4 Qd8a5
8.Be3f4 Bc8g4
9.f3 Bg4h5
10.Bf4d2 e6
11.g4 Bh5g6
12.a3 Qa5b5
13.Na4c5 Bf8xc5
14.dxc5 Qb5xc5
15.Bd2g5 Nf6d7
16.Qd1d2 h6
17.Bg5f4 e5
18.Bf4e3 Qc5e7
19.Ra1d1 exf3
20.Ng1xf3 a5
21.Rd1a1 Bg6e4
22.Rh1f1 g6
23.axb4 f5
24.gxf5 g5
25.bxa5 g4
26.Nf3h4 Qe7xh4
27.Be3f2 Qh4xh2
28.Bb3e6 Rh8h7
29.Bf2e3 Qh2g3
30.Be3f2 Qg3h3
31.Ra1d1 g3
32.Bf2e3 g2
33.f6 gxf1Q
{ resign }
0-1

[Event "Tourn. n9042"]
[Site "www.chess-mail.com"]
[Date "2016.11.24"]
[Round "1"]
[White "Osopanda"]
[Black "Norlavuaram"]
[WhiteElo "2050"]
[BlackElo "2210"]
[Result "0-1"]
[Round "1"]
1.d4 Ng8f6
2.c4 g6
3.Nb1c3 Bf8g7
4.e4 d6
5.g3 O-O
6.Bf1g2 e5
7.dxe5 dxe5
8.Ng1e2 c6
9.O-O Qd8c7
10.Qd1c2 Bc8e6
11.b3 Nb8a6
12.a3 Ra8d8
13.h3 Na6c5
14.Bc1e3 b6
15.Ra1d1 Rd8xd1
16.Rf1xd1 Nc5b7
17.Kh2 Rf8d8
18.Rd1xd8 Qc7xd8
19.f4 exf4
20.Ne2xf4 Qd8d7
21.Nf4xe6 Qd7xe6
22.Be3d4 Nf6g4
23.hxg4 Bg7xd4
24.Nc3e2 Bd4e5
25.Ne2f4 Qe6xg4
26.Bg2h3 Qg4f3
27.Bh3g2 Qf3e3
28.a4 Be5xf4
29.gxf4 Qe3xf4
30.Kh1 Nb7d6
31.c5 bxc5
32.Qc2xc5 Nd6xe4
33.Bg2xe4 Qf4xe4
34.Kg1 a6
35.b4 Qe4b1
36.Kg2 Qb1a2
37.Kf3 Qa2xa4
38.Kf4 Qa4b5
39.Qc5xb5 axb5
40.Ke5 h5
41.Kf4 f6
{ resign }
0-1

[Event "Tourn. n9029"]
[Site "www.chess-mail.com"]
[Date "2016.11.24"]
[Round "1"]
[White "Nulladies"]
[Black "Cal"]
[WhiteElo "1820"]
[BlackElo "1690"]
[Result "0-1"]
[Round "1"]
1.d4 d5
2.Bc1f4 h6
3.Ng1f3 Nb8c6
4.e3 a6
5.Nb1d2 Ng8f6
6.Bf1d3 e6
7.a3 Bc8d7
8.c4 dxc4
9.Nd2xc4 b5
10.Nc4e5 Nc6xe5
11.Nf3xe5 c6
12.Ne5xd7 Qd8xd7
13.O-O Bf8d6
14.Bf4xd6 Qd7xd6
15.h3 O-O
16.Ra1c1 Nf6d5
17.Rc1c5 Nd5f6
18.a4 Nf6h7
19.Qd1c2 g6
20.Rc5xc6 Qd6e7
21.axb5 axb5
22.Bd3xb5 Ra8a5
23.Rc6c5 Qe7d6
24.b4 Ra5a7
25.Rc5c6 Qd6xb4
26.Qc2c4 Qb4e7
27.Rf1c1 Qe7f6
28.f4 Qf6h4
29.Qc4c3 Ra7a2
30.Qc3e1 Qh4h5
31.Rc6c5 f5
32.Rc5c2 Ra2xc2
33.Rc1xc2 g5
34.Qe1g3 Qh5d1
35.Bb5f1 Qd1xc2
36.h4 Nh7f6
37.hxg5 Nf6e4
38.Qg3h4 Rf8f7
39.gxh6 Kh7
40.Qh4e1 Rf7f6
41.Qe1h4 Qc2c7
42.Bf1d3 Rf6xh6
43.Qh4e1 Ne4f6
44.Qe1b1 Nf6d5
45.g4 Nd5xe3
46.gxf5 Qc7g7
{ resign }
0-1

[Event "Tourn. n9048"]
[Site "www.chess-mail.com"]
[Date "2016.11.24"]
[Round "1"]
[White "Attatroll"]
[Black "Francesco"]
[WhiteElo "1930"]
[BlackElo "1940"]
[Result "0-1"]
[Round "1"]
1.d4 d5
2.c4 c6
3.Ng1f3 Bc8g4
4.e3 Ng8f6
5.Bf1d3 e6
6.Qd1c2 Bg4xf3
7.gxf3 Nb8d7
8.c5 e5
9.Bd3f5 exd4
10.exd4 Qd8c7
11.Nb1c3 O-O-O
12.Bc1g5 Rd8e8
13.Kf1 Kb8
14.Qc2d2 Ka8
15.a4 g6
16.Bg5f4 Qc7d8
17.Bf5h3 Bf8g7
18.Kg2 Re8e7
19.Bf4d6 Re7e8
20.Ra1e1 Re8xe1
21.Rh1xe1 Rh8e8
22.Re1e7 Re8xe7
{ resign }
0-1